000 00458nam a22001577a 4500
005 20251108172029.0
008 250721s1989 xx 000 0 ara d
082 1 4 _a516.04/محم
100 1 _aراش، محمد
245 1 0 _aمبادئ الهندسة الحديثة /
264 1 _aعمان :
_bدار عمار للنشر و التوزيع،
_c1989.
300 _a308ص
650 1 7 _aالهندسة الحديثة
942 _2ddc
_cBK
999 _c68694
_d68694